| 000 | 00358nam a2200145Ia 4500 | ||
|---|---|---|---|
| 008 | 150201s2009 xx 000 0 und d | ||
| 082 |
_a617.645 _bM2011M |
||
| 100 | _aMUTHU,MS | ||
| 245 | _aMCQS IN PEDIATRIC DENTISTRY | ||
| 250 | _a6TH | ||
| 260 |
_bJAYPEE MEDICAL PUBLISHER _aDELHI _c2009 |
||
| 300 | _a1-441 | ||
| 650 | _aPEDODONTICS | ||
| 942 |
_2ddc _cBK _01 |
||
| 999 |
_c4641 _d4641 |
||